| 000 | 01288nam a22002537a 4500 | ||
|---|---|---|---|
| 005 | 20260421115030.0 | ||
| 008 | 260421b |||||||| |||| 00| 0 eng d | ||
| 020 | _a9788194321750 | ||
| 040 | _cAL | ||
| 041 | _aeng | ||
| 082 |
_a342.0878 _bMISL |
||
| 100 |
_aO P Mishra _9262229 |
||
| 245 | _aLaw relating to women and child | ||
| 260 |
_aAllahabad _bCentral Law Agency _c2020 |
||
| 300 |
_axxxx,342p _bPB _c23.5x15.5cm |
||
| 365 |
_2Law _a1343 _b₹262.50 _c₹ _d₹350.00 _e25% _f14-03-2026 |
||
| 520 | _aIt is a matter of great pleasure that Sixth edition of the book "Law Rolwing to Women & Child" la bringing out for the respectable readers. The present edition of die book has been up-dated by incorporating latest case laws and amendments on the relevant. It is hoped that it would be belpful and interesting to those concerned for pruunction of women & children in our country and also for the LL.B. and LL.M. Students of various Universities. I am grateful to Ms. Central Law Agency for bringing out the Sixth edition of the book. | ||
| 650 |
_aCruelty and Dowry Death _9262224 |
||
| 650 |
_aPosition of Women _9262225 |
||
| 650 |
_aKidnapping and Abduction _9262226 |
||
| 650 |
_aMinority and Guardianship _9262227 |
||
| 650 |
_aChild Marriage _9262228 |
||
| 942 |
_2ddc _cBK |
||
| 999 |
_c241313 _d241313 |
||